LIBRARY & INFORMATION CENTRE, KCAET, TAVANUR

ONLINE PUBLIC ACCESS CATALOGUE (OPAC)

Exercises in Engineering drawing book 2 / (Record no. 1443)

MARC details
000 -LEADER
fixed length control field 00453cam a2200181ua 4500
041 ## - LANGUAGE CODE
Language code of text/sound track or separate title eng
082 ## - DEWEY DECIMAL CLASSIFICATION NUMBER
Classification number 604.2
Item number HAR/EX
100 ## - MAIN ENTRY--AUTHOR NAME
Personal name Harrop, P.F .
245 ## - TITLE STATEMENT
Title Exercises in Engineering drawing book 2 /
250 ## - EDITION STATEMENT
Edition statement 1 /
260 ## - PUBLICATION, DISTRIBUTION, ETC. (IMPRINT)
Place of publication Newyork :
Name of publisher MacMillan and Company Limited ,
Year of publication 1963.
300 ## - PHYSICAL DESCRIPTION
Number of Pages 55 ; .
942 ## - ADDED ENTRY ELEMENTS (KOHA)
Koha item type Books
Holdings
Withdrawn status Lost status Damaged status Home library Current library Date acquired Full call number Accession Number Koha item type Public note
Withdrawn     KAUAET KAUAET 07/04/2012 604.2 3820 Books Deleted
free website counter